000 01826nam a22004697a 4500
001 000064802
003 CHAP
005 20220329141142.0
008 971010s1979 r 00010 d
010 _a63485
011 _a64457
035 _a69791
040 _cCHAP
082 0 4 _a631.71
_bV4
100 0 0 _aVelasco Velasco, Israel.
_9118448
245 1 0 _aAspectos generales de la hidráulica de pozos.
260 _aChapingo, Méx. :
_bUACH. Departamento de Irrigación,
_c1979.
300 _a52 p. gráfs.
490 1 _aBoletín técnico
_v; 8
590 _aBATCH-UPD
_b10
_c20130110
_lUCH01
_h0610
590 _aBATCH-UPD
_b10
_c20130410
_lUCH01
_h0253
590 _aBATCH-UPD
_b10
_c20130914
_lUCH01
_h0654
590 _aCONVERSION
_b10
_c20130109
_lUCH01
_h1334
590 _aE5995AHE
_b05
_c20150324
_lUCH01
_h1438
590 _aE5995AHE
_b05
_c20150324
_lUCH01
_h1451
650 1 4 _aHidráulica.
_955219
650 1 4 _aPozos.
_991207
830 0 _aBoletín técnico
_v; 8
_913560
901 _aBK
942 _cLIBRO
942 _n0
949 _a631.7 V4
_bBC
_cLIBRO
_d-154523
_eLIBRO
_fc.9
_h47913
_i69791
_si
949 _a631.7 V4
_bBC
_cLIBRO
_d33724000171237
_eLIBRO
_fc.8
_h47912
_i69791
_si
949 _a631.7 V4
_bBC
_cLIBRO
_d33724000171245
_eLIBRO
_fc.7
_h47911
_i69791
_si
949 _a631.7 V4
_bBC
_cLIBRO
_d33724000171252
_eLIBRO
_fc.6
_h47910
_i69791
_si
949 _a631.7 V4
_bBC
_cLIBRO
_d33724000171260
_eLIBRO
_fc.5
_h47909
_i69791
_si
949 _a631.7 V4
_bBC
_cLIBRO
_d33724000171278
_eLIBRO
_fc.4
_h47908
_i69791
_si
949 _a631.7 V4
_bBC
_cLIBRO
_d33724000171286
_eLIBRO
_fc.3
_h49907
_i69791
_si
949 _a631.7 V4
_bBC
_cLIBRO
_d33724000171294
_eLIBRO
_fc.2
_h47906
_i69791
_si
949 _a631.7 V4
_bBC
_cLIBRO
_d33724000171302
_eLIBRO
_h47905
_i69791
_si
949 _a631.7 V4
_bBC
_cUACH
_d-154522
_eUACH
_fc.10
_h47914
_i69791
_si
999 _c63485
_d63485